Management of Currency Risk
Αποθηκεύτηκε σε:
| Άλλοι συγγραφείς: | |
|---|---|
| Μορφή: | Βιβλίο |
| Γλώσσα: | English |
| Δημοσίευση: |
London :
Euromoney,
1989
|
| Θέματα: | |
| Ετικέτες: |
Προσθήκη ετικέτας
Δεν υπάρχουν, Καταχωρήστε ετικέτα πρώτοι!
|
MARC
| LEADER | 00000nam a2200000 i 4500 | ||
|---|---|---|---|
| 001 | 1/20687 | ||
| 008 | 960315s1989 eng d | ||
| 020 | |a 1-870031-63-6 | ||
| 020 | |a 1-870031-68-7 | ||
| 035 | |l 10021591 | ||
| 040 | |a GR-MY-UA |b gre |e aacr | ||
| 041 | 0 | |a eng | |
| 082 | 0 | |a 658.155 | |
| 245 | 1 | 0 | |a Management of Currency Risk / |c Edited by:Boris Antl |
| 260 | |a London : |b Euromoney, |c 1989 | ||
| 300 | |c 24cm | ||
| 650 | 0 | 0 | |a Foreign exchange administration. |
| 650 | 0 | 0 | |a Risk management. |
| 650 | 0 | 0 | |a Change |x Administration. |
| 700 | 1 | |a Antl, Boris. | |
| 852 | |a INST |b CHIOS |e 19960315 |h 658.155 ANT |p 005200004560 |q 005200004560 |t BK |y 0 |z Vol.I | ||
| 852 | |a INST |b CHIOS |e 19960315 |h 658.155 ANT |p 005200004562 |q 005200004562 |t BK |y 0 |z Vol.II | ||
| 852 | |a INST |b CHIOS |e 19960315 |h 658.155 ANT |p 005200004560 |q 005200004560 |t BK |v Vol.I: |y 0 |z Vol.I | ||
| 852 | |a INST |b CHIOS |e 19960315 |h 658.155 ANT |p 005200004562 |q 005200004562 |t BK |v Vol.II: |y 0 |z Vol.II | ||
| 853 | |a INST |b CHIOS |h 658.155 ANT | ||
| 909 | |a Χ |b 024126 | ||
| 909 | |a Χ |b 024127 | ||